000
00198 a2200097 4500
001
8406
090
_c
6776
_d
6776
100
_a
Cobbett, W
245
_a
Cobbett: Selections (664-B actioned)
260
_b
Oxford
942
_a
NUST-CAE
999
_c
243479
_d
243479